[Event "Warsaw Four Seasons op 2nd"]
[Site "Warsaw"]
[Date "2011.??.??"]
[Round "9"]
[White "Lata, Slawomir"]
[Black "Kaczmarski, Cezary"]
[Result "1-0"]
[WhiteElo "1460"]
[BlackElo "1323"]
[PlyCount "71"]
[EventDate "2011.11.26"]
[EventType "swiss"]
[EventRounds "9"]
[EventCountry "POL"]
[SourceTitle "EXT 2014"]
[Source "ChessBase"]
[SourceDate "2013.11.20"]
[SourceVersion "1"]
[SourceVersionDate "2013.11.20"]
[SourceQuality "1"]

1. e4 e5 2. Bc4 Nc6 3. Nf3 Nf6 4. d3 Bc5 5. c3 0-0 6. b4 Be7 7. 0-0 a6 8. Be3 b5 9. Bb3 Ng4 10. Bc5 a5 11. Bxe7 Qxe7 12. h3 Nf6 13. bxa5 Nxa5 14. Nbd2 Ba6 15. Qc2 c5 16. c4 b4 17. Ba4 d6 18. Nb3 Bc8 19. Nxa5 Rxa5 20. Bb5 Bd7 21. a4 bxa3 22. Qb3 Rfa8 23. Ra2 Bxb5 24. cxb5 Qb7 25. Rb1 h6 26. Nd2 Rb8 27. b6 d5 28. exd5 Qxd5 29. Qxd5 Nxd5 30. Nc4 Nc3 31. Nxa5 Nxb1 32. b7 Nc3 33. Rxa3 Ne2+ 34. Kf1 Nd4 35. Rc3 Nc6 36. Rxc5 1-0